Normal view
MARC view
Entry Personal Name
001 - CONTROL NUMBER
- control field: 46443
003 - CONTROL NUMBER IDENTIFIER
- control field: ARRUPE
005 - DATE AND TIME OF LATEST TRANSACTION
- control field: 20190521115314.0
008 - FIXED-LENGTH DATA ELEMENTS
- fixed length control field: 190521|| aca||aabn | a|a d
040 ## - CATALOGING SOURCE
- Original cataloging agency: ARRUPE
- Transcribing agency: ARRUPE
100 ## - HEADING--PERSONAL NAME
- Personal name: Eisenstein, Elizabeth L.
670 ## - SOURCE DATA FOUND
- Source citation: Work cat.: (ARRUPE)0: Eisenstein, Elizabeth L., The printing revolution in early modern Europe /, 2005.